Atlantic Coast Cities by Pictures - Statistics

General Stats
  • This quiz has been taken 275 times
  • The average score is 11 of 15
Answer Stats
Picture Answer % Correct
London
98%
New York
98%
Rio de Janeiro
92%
Barcelona
83%
Havana
83%
Istanbul
76%
Miami
74%
Boston
67%
St Petersburg
67%
Cape Town
62%
Buenos Aires
61%
New Orleans
58%
Casablanca
56%
Stockholm
42%
Naples
41%
No matching quizzes found
Score Distribution
Percent of People with Each Score
Percentile by Number Answered
Your Score History
You have not taken this quiz